| 000 | 00894nam a22003137a 4500 | ||
|---|---|---|---|
| 001 | BR6008331 | ||
| 003 | BR-BrBNA | ||
| 005 | 20230928083311.0 | ||
| 007 | ta | ||
| 008 | 230509b bl.||||| |||| 00| 0 por d | ||
| 040 |
_aBR-BrBNA _bpor _cBiblioteca Nacional de Agricultura |
||
| 041 | _a(Por) | ||
| 072 |
_aF01; E15; D50 _b0230 _b1540 _b1580 _b8961 _b/G514 |
||
| 090 | _ 0230 BR6008331 | ||
| 110 | 1 |
_aComissao Estadual de Planejamento Agricola, Sao Luis, MA (Brasil) _92062 |
|
| 245 | 1 | _aColetanea de subsidios sobre o programa nacional do alcool | |
| 260 | 3 |
_aSao Luis, MA (Brasil): _c1976. |
|
| 300 | _a72 p. | ||
| 650 | _aCANA DE ACUCAR | ||
| 650 | _aMANDIOCA | ||
| 650 | _aBATATA DOCE | ||
| 650 | _aALCOOL | ||
| 650 | _aCOMBUSTIVEL | ||
| 650 | _aMATERIA PRIMA | ||
| 650 | _aCUSTO DE PRODUCAO | ||
| 650 | _aLEGISLACAO | ||
| 909 |
_a202309 _bLucia _c55 _dLucia Elande |
||
| 942 | _cBK | ||
| 999 |
_c12668 _d12668 |
||